[Event "Wroclaw Litwinska Memorial op 2nd"]
[Site "Wroclaw"]
[Date "2022.11.05"]
[Round "1"]
[White "Korosciel, Aneta"]
[Black "Mkrtchian, Lilit"]
[Result "0-1"]
[WhiteElo "1951"]
[BlackElo "2380"]
[PlyCount "112"]
[EventDate "2022.11.05"]
[EventType "swiss (rapid)"]
[EventRounds "7"]
[EventCountry "POL"]
[SourceTitle "EXT 2024"]
[Source "ChessBase"]
[SourceDate "2023.10.10"]
[SourceVersion "1"]
[SourceVersionDate "2023.10.10"]
[SourceQuality "1"]

1. e4 c6 2. d4 d5 3. Nc3 dxe4 4. Nxe4 Nd7 5. Nf3 Ngf6 6. Bd3 Nxe4 7. Bxe4 Nf6 8. Bd3 Bg4 9. c3 e6 10. 0-0 Be7 11. Re1 0-0 12. h3 Bh5 13. Bf4 c5 14. Be2 Qb6 15. Qb3 Qxb3 16. axb3 Nd5 17. Be5 cxd4 18. Nxd4 Bxe2 19. Rxe2 a6 20. Bg3 Rfd8 21. Rd1 Bg5 22. Rde1 Nf4 23. Bxf4 Bxf4 24. g3 Bc7 25. Kg2 Rd5 26. Nf3 Rad8 27. Re4 Kf8 28. h4 Ke7 29. Rg4 g6 30. Rge4 Rd1 31. Rxd1 Rxd1 32. Re2 h6 33. Nd4 Bb6 34. Nf3 f5 35. Rd2 Rxd2 36. Nxd2 e5 37. Nc4 Bc7 38. Kf3 Ke6 39. Ke3 b5 40. Nd2 Bb6+ 41. Ke2 e4 42. f3 Ke5 43. c4 Bd4 44. fxe4 fxe4 45. b4 Bxb2 46. c5 Bc3 47. c6 Ke6 48. Nxe4 Bxb4 49. Kd3 a5 50. Kd4 a4 51. c7 Kd7 52. Nf6+ Kc8 53. Nd5 Bd6 54. Nc3 a3 55. Nxb5 a2 56. Kd5 Bxc7 0-1

[Event "Wroclaw Litwinska Memorial op 2nd"]
[Site "Wroclaw"]
[Date "2022.11.05"]
[Round "3"]
[White "Korosciel, Aneta"]
[Black "Zawadzka, Jolanta"]
[Result "0-1"]
[WhiteElo "1951"]
[BlackElo "2379"]
[PlyCount "53"]
[EventDate "2022.11.05"]
[EventType "swiss (rapid)"]
[EventRounds "7"]
[EventCountry "POL"]
[SourceTitle "EXT 2024"]
[Source "ChessBase"]
[SourceDate "2023.10.10"]
[SourceVersion "1"]
[SourceVersionDate "2023.10.10"]
[SourceQuality "1"]

1. e4 c5 2. Nf3 Nc6 3. Bb5 d6 4. 0-0 Bd7 5. Re1 a6 6. Bf1 g6 7. c3 Bg7 8. d3 e5 9. Nbd2 Nge7 10. Nc4 Qc7 11. a4 0-0 12. g3 h6 13. Bg2 Be6 14. Ne3 d5 15. exd5 Nxd5 16. Nxd5 Bxd5 17. Be3 b6 18. Qc1 h5 19. d4 exd4 20. cxd4 c4 21. Bh6 Rad8 22. Bg5 Rde8 23. Bf4 Qb7 24. Nh4 Rxe1+ 25. Qxe1 Bxg2 26. Nxg2 Nxd4 27. Kf1 0-1

[Event "POL-chT 2nd League"]
[Site "Jastrzebia Gora"]
[Date "2022.09.09"]
[Round "7.101"]
[White "Hampel, Anna"]
[Black "Korosciel, Aneta"]
[Result "0-1"]
[WhiteElo "1665"]
[BlackElo "1956"]
[PlyCount "48"]
[EventDate "2022.09.03"]
[EventType "team-swiss"]
[EventRounds "9"]
[EventCountry "POL"]
[SourceTitle "CBM 210 Extra"]
[Source "ChessBase"]
[SourceDate "2022.11.30"]
[SourceVersion "1"]
[SourceVersionDate "2022.11.30"]
[SourceQuality "1"]
[WhiteTeam "Krakow AGH"]
[BlackTeam "Olesnica Pogon"]
[WhiteTeamCountry "POL"]
[BlackTeamCountry "POL"]

1. e4 e5 2. Nf3 Nf6 3. Nxe5 d6 4. Nf3 Nxe4 5. d4 d5 6. Bd3 Be7 7. 0-0 Nc6 8. c3 Bg4 9. Re1 f5 10. Nbd2 0-0 11. Qb3 Na5 12. Qc2 c5 13. Ne5 Bh5 14. f3 cxd4 15. cxd4 Rc8 16. Qa4 Rxc1 17. Raxc1 Nxd2 18. b3 a6 19. Qd7 Bb4 20. Bxf5 Qg5 21. Be6+ Kh8 22. Rc8 Nxf3+ 23. Nxf3 Bxf3 24. g3 Qd2 0-1

[Event "POL-chT 2nd League"]
[Site "Jastrzebia Gora"]
[Date "2022.09.03"]
[Round "1.66"]
[White "Mlynarska, Sylwia"]
[Black "Korosciel, Aneta"]
[Result "1/2-1/2"]
[WhiteElo "1922"]
[BlackElo "1956"]
[PlyCount "120"]
[EventDate "2022.09.03"]
[EventType "team-swiss"]
[EventRounds "9"]
[EventCountry "POL"]
[SourceTitle "CBM 210 Extra"]
[Source "ChessBase"]
[SourceDate "2022.11.30"]
[SourceVersion "1"]
[SourceVersionDate "2022.11.30"]
[SourceQuality "1"]
[WhiteTeam "Zakrzewo Korona"]
[BlackTeam "Olesnica Pogon"]
[WhiteTeamCountry "POL"]
[BlackTeamCountry "POL"]

1. d4 Nf6 2. c4 e6 3. Nc3 Bb4 4. Qc2 c5 5. e3 0-0 6. Nf3 Nc6 7. Bd3 d5 8. cxd5 exd5 9. 0-0 cxd4 10. Nxd4 Nxd4 11. exd4 Be6 12. Be3 Rc8 13. Rac1 h6 14. Qb3 Bd6 15. h3 Qd7 16. Bb5 Qe7 17. Rfe1 Bb8 18. Bf1 Nh5 19. Ne2 Rxc1 20. Rxc1 f5 21. Bd2 Re8 22. Qf3 Nf6 23. Bf4 Ne4 24. Bxb8 Rxb8 25. Qf4 Nd6 26. Nc3 Rc8 27. Re1 Ne4 28. Qe3 Qf7 29. Ne2 Rc2 30. f3 Nd6 31. Nf4 Bd7 32. Qb3 Rc7 33. Qxd5 Qxd5 34. Nxd5 Rc2 35. Re2 Rc1 36. Nc3 Nb5 37. Re7 Nxc3 38. Rxd7 Nxa2 39. Rxb7 a5 40. d5 Nb4 41. Rb5 Rd1 42. Rxa5 Nc2 43. Kf2 Rd2+ 44. Kg3 Ne3 45. Ra1 g5 46. f4 Rxb2 47. Re1 Rb3 48. fxg5 Nxf1+ 49. Kf2 Ng3 50. gxh6 Ne4+ 51. Ke2 Nc3+ 52. Kd3 Nxd5+ 53. Kc4 Re3 54. Rxe3 Nxe3+ 55. Kd4 Nxg2 56. Ke5 f4 57. Ke4 Kh7 58. Kf3 Kxh6 59. Kxg2 Kg5 60. Kf3 Kh4 1/2-1/2

[Event "POL-chT 2nd League"]
[Site "Sypniewo"]
[Date "2021.09.07"]
[Round "4.13"]
[White "Bebnik, Malgorzata"]
[Black "Korosciel, Aneta"]
[Result "1-0"]
[WhiteElo "1756"]
[BlackElo "1966"]
[PlyCount "81"]
[EventDate "2021.09.04"]
[EventType "team-swiss"]
[EventRounds "9"]
[EventCountry "POL"]
[SourceTitle "CBM 204 Extra"]
[Source "ChessBase"]
[SourceDate "2021.11.30"]
[SourceVersion "1"]
[SourceVersionDate "2021.11.30"]
[SourceQuality "1"]
[WhiteTeam "Bialoleka Sparta"]
[BlackTeam "Olesnica Pogon"]
[WhiteTeamCountry "POL"]
[BlackTeamCountry "POL"]

1. d4 Nf6 2. c4 e6 3. Nc3 Bb4 4. Qc2 c5 5. e3 0-0 6. Nf3 Nc6 7. Bd3 h6 8. 0-0 cxd4 9. exd4 d5 10. cxd5 exd5 11. h3 Re8 12. Bf4 Bd6 13. Bxd6 Qxd6 14. Nb5 Qf4 15. Qc1 Qxc1 16. Raxc1 Rd8 17. Rfe1 Nb4 18. Bb1 Bd7 19. Nd6 Bc6 20. Nf5 Kf8 21. Ne5 Rac8 22. a3 Na6 23. Ne7 Rc7 24. N7xc6 bxc6 25. Rxc6 Rxc6 26. Nxc6 Rd7 27. Bd3 Nc7 28. Nxa7 Ne6 29. Nb5 Rb7 30. a4 Nd7 31. Bf5 Ke7 32. Bd3 Nb8 33. a5 Kd7 34. Ra1 Na6 35. Nc3 Nec7 36. Nxd5 Nxd5 37. Bxa6 Rxb2 38. Bc4 Kd6 39. a6 Rb8 40. a7 Ra8 41. Ra6+ 1-0

[Event "Wroclaw Anderssen Memorial"]
[Site "Wroclaw"]
[Date "2021.07.31"]
[Round "3"]
[White "Korosciel, Aneta"]
[Black "Ambroziak, Mateusz"]
[Result "1-0"]
[WhiteElo "1966"]
[BlackElo "1487"]
[PlyCount "85"]
[EventDate "2021.07.31"]
[EventType "swiss (rapid)"]
[EventRounds "9"]
[EventCountry "POL"]
[SourceTitle "CBM 203 Extra"]
[Source "ChessBase"]
[SourceDate "2021.09.30"]
[SourceVersion "1"]
[SourceVersionDate "2021.09.30"]
[SourceQuality "1"]

1. e4 c5 2. Nf3 g6 3. c3 Bg7 4. d4 cxd4 5. cxd4 d5 6. e5 Bg4 7. Nc3 Nc6 8. Be3 e6 9. Be2 Nge7 10. Nd2 Bxe2 11. Qxe2 0-0 12. Nb5 Qb6 13. Nb3 f6 14. 0-0 Nf5 15. exf6 Bxf6 16. Rad1 Rae8 17. Nc3 Qc7 18. Qd2 b6 19. Rfe1 Qd7 20. h3 Nd6 21. Bh6 Rf7 22. a3 Nf5 23. Be3 Ref8 24. Rf1 Bh4 25. g3 Bd8 26. Kg2 Bc7 27. Nc1 Na5 28. b3 Bd6 29. a4 Nc6 30. N1e2 Bb4 31. Qd3 Na5 32. Rb1 Nd6 33. Bh6 Rf3 34. Be3 Qe7 35. Nf4 R3xf4 36. Bxf4 Bxc3 37. Qxc3 Ne4 38. Qd3 Rc8 39. Rbc1 Rxc1 40. Rxc1 Qb4 41. Bh6 Kf7 42. Qf3+ Nf6 43. Rc7+ 1-0

[Event "Wroclaw Anderssen Memorial"]
[Site "Wroclaw"]
[Date "2021.07.31"]
[Round "9"]
[White "Korosciel, Aneta"]
[Black "Klimek, Marcin"]
[Result "0-1"]
[WhiteElo "1966"]
[BlackElo "1760"]
[PlyCount "116"]
[EventDate "2021.07.31"]
[EventType "swiss (rapid)"]
[EventRounds "9"]
[EventCountry "POL"]
[SourceTitle "CBM 203 Extra"]
[Source "ChessBase"]
[SourceDate "2021.09.30"]
[SourceVersion "1"]
[SourceVersionDate "2021.09.30"]
[SourceQuality "1"]

1. d4 d5 2. Nf3 Nf6 3. Bf4 c5 4. c3 Qb6 5. Qb3 c4 6. Qxb6 axb6 7. Na3 Na6 8. g3 h6 9. h4 Bd7 10. Bg2 b5 11. Ne5 b4 12. Nc2 Bf5 13. Nxb4 Nxb4 14. cxb4 e6 15. b5 Ra5 16. a4 Bc2 17. Bd2 Rxa4 18. Rxa4 Bxa4 19. b6 Bd6 20. Bf4 Bb4+ 21. Bd2 Bd6 22. 0-0 Ke7 23. Ra1 Ra8 24. Bf3 Nd7 25. Nxd7 Kxd7 26. e4 dxe4 27. Bxe4 Ra6 28. Bxb7 Rxb6 29. Rxa4 Rxb7 30. Rxc4 Rxb2 31. Ba5 Ra2 32. Bb4 Ra4 33. Bxd6 Rxc4 34. Bf4 Rxd4 35. Be3 Ra4 36. Kg2 Kd6 37. Kf3 h5 38. Bf4+ Kd5 39. Be3 Ra3 40. Kf4 f6 41. Kf3 Rb3 42. Kf4 Rb4+ 43. Kf3 Ra4 44. Bd2 Ke5 45. Bc3+ Kf5 46. Bd2 g5 47. hxg5 fxg5 48. Be3 Ra3 49. Kg2 Kg4 50. Bc5 Ra2 51. Be7 e5 52. Bd6 e4 53. Bc5 h4 54. gxh4 gxh4 55. Bd4 h3+ 56. Kh2 Kf3 57. Kg1 h2+ 58. Kxh2 Rxf2+ 0-1

[Event "Wroclaw Anderssen Memorial"]
[Site "Wroclaw"]
[Date "2021.07.31"]
[Round "1"]
[White "Korosciel, Aneta"]
[Black "Krawczyk, Jolanta"]
[Result "1-0"]
[WhiteElo "1966"]
[BlackElo "1097"]
[PlyCount "83"]
[EventDate "2021.07.31"]
[EventType "swiss (rapid)"]
[EventRounds "9"]
[EventCountry "POL"]
[SourceTitle "CBM 203 Extra"]
[Source "ChessBase"]
[SourceDate "2021.09.30"]
[SourceVersion "1"]
[SourceVersionDate "2021.09.30"]
[SourceQuality "1"]

1. e4 e5 2. Nf3 Nc6 3. Bb5 d6 4. d4 Qf6 5. d5 Bd7 6. dxc6 bxc6 7. Bc4 a5 8. Nc3 a4 9. a3 Be6 10. Bxe6 Qxe6 11. Be3 Nf6 12. Bg5 Qc4 13. Bxf6 gxf6 14. Qd3 Qc5 15. Nh4 Bh6 16. Nf5 Bf8 17. 0-0 Be7 18. Rad1 Rb8 19. Nxa4 Qa5 20. b3 c5 21. Qd5 Qb5 22. Nc3 Qb7 23. Qxb7 Rxb7 24. Nd5 Bf8 25. Nxf6+ Kd8 26. a4 Rb4 27. Nd5 Rxe4 28. a5 Kd7 29. a6 Rd4 30. Nxd4 cxd4 31. a7 Bg7 32. f4 Ra8 33. fxe5 dxe5 34. Rxf7+ Kc6 35. Nxc7 Rxa7 36. Rxg7 Rxc7 37. Rxc7+ Kxc7 38. Kf2 Kd6 39. Kf3 h5 40. Ke4 h4 41. Rf1 Kc5 42. Kxe5 1-0

[Event "Wroclaw Anderssen Memorial"]
[Site "Wroclaw"]
[Date "2021.07.31"]
[Round "5"]
[White "Korosciel, Aneta"]
[Black "Wisniewski, Michal"]
[Result "1-0"]
[WhiteElo "1966"]
[BlackElo "2152"]
[PlyCount "49"]
[EventDate "2021.07.31"]
[EventType "swiss (rapid)"]
[EventRounds "9"]
[EventCountry "POL"]
[SourceTitle "CBM 203 Extra"]
[Source "ChessBase"]
[SourceDate "2021.09.30"]
[SourceVersion "1"]
[SourceVersionDate "2021.09.30"]
[SourceQuality "1"]

1. e4 d5 2. exd5 Qxd5 3. Nc3 Qa5 4. d3 Nf6 5. Nf3 Nc6 6. Be2 Bg4 7. 0-0 0-0-0 8. h3 Bh5 9. a3 e5 10. Bd2 Qb6 11. b4 Bxf3 12. Bxf3 Nd4 13. Re1 Bd6 14. Be3 Rhe8 15. Bxd4 Qxd4 16. Nb5 Qb6 17. Nxd6+ Rxd6 18. Qc1 Kb8 19. Qg5 e4 20. dxe4 Nd7 21. Qxg7 Ne5 22. Bh5 a6 23. Rad1 Rh6 24. Bxf7 Re7 25. Qf8+ 1-0

[Event "Wroclaw Anderssen Memorial"]
[Site "Wroclaw"]
[Date "2021.07.31"]
[Round "2"]
[White "Pakleza, Zbigniew"]
[Black "Korosciel, Aneta"]
[Result "1-0"]
[WhiteElo "2501"]
[BlackElo "1966"]
[PlyCount "65"]
[EventDate "2021.07.31"]
[EventType "swiss (rapid)"]
[EventRounds "9"]
[EventCountry "POL"]
[SourceTitle "CBM 203 Extra"]
[Source "ChessBase"]
[SourceDate "2021.09.30"]
[SourceVersion "1"]
[SourceVersionDate "2021.09.30"]
[SourceQuality "1"]

1. d4 Nf6 2. Nf3 e6 3. Bf4 d6 4. h3 Be7 5. e3 b6 6. Bd3 Bb7 7. Nbd2 Nbd7 8. 0-0 0-0 9. Qe2 c5 10. c3 d5 11. Rad1 Qc8 12. Ne5 Nxe5 13. dxe5 Ne4 14. Nf3 a5 15. c4 dxc4 16. Bxc4 Rd8 17. Rxd8+ Qxd8 18. Qc2 Ng5 19. Nxg5 Bxg5 20. Rd1 Qe7 21. Rd6 Bxf4 22. exf4 Qc7 23. Qd3 Bc6 24. f5 exf5 25. Qxf5 Rf8 26. Bd3 g6 27. Qf6 Rc8 28. Bc4 b5 29. Rxc6 Qxc6 30. Bxf7+ Kf8 31. Be6+ Ke8 32. Qf7+ Kd8 33. Qf8+ 1-0

[Event "Baltic Pearl op 15th"]
[Site "Lazy"]
[Date "2019.07.01"]
[Round "8"]
[White "Kopaczewski, Adam"]
[Black "Korosciel, Aneta"]
[Result "1-0"]
[WhiteElo "2046"]
[BlackElo "1983"]
[PlyCount "63"]
[EventDate "2019.06.23"]
[EventType "swiss"]
[EventRounds "9"]
[EventCountry "POL"]
[SourceTitle "CBM 191 Extra"]
[Source "ChessBase"]
[SourceDate "2019.09.30"]
[SourceVersion "1"]
[SourceVersionDate "2019.09.30"]
[SourceQuality "1"]

1. e4 d6 2. g3 Nf6 3. Bg2 e5 4. Nc3 c6 5. Nge2 Be7 6. 0-0 0-0 7. d3 Nbd7 8. a4 Re8 9. h3 b6 10. g4 h6 11. Ng3 Bb7 12. f4 Nc5 13. g5 hxg5 14. fxg5 Nh7 15. h4 Ne6 16. Nf5 Nd4 17. Qh5 Rf8 18. Nxd4 exd4 19. Ne2 c5 20. Rxf7 Rxf7 21. g6 Nf6 22. gxf7+ Kf8 23. Qg6 Qd7 24. Bg5 Qe6 25. Rf1 Qxf7 26. Qf5 Bc8 27. Qf4 Be6 28. Bxf6 gxf6 29. e5 Rc8 30. exf6 Bd8 31. Qxd6+ Kg8 32. Nf4 1-0

[Event "Baltic Pearl op 15th"]
[Site "Lazy"]
[Date "2019.06.29"]
[Round "7"]
[White "Korosciel, Aneta"]
[Black "Hasinski, Krystian"]
[Result "1/2-1/2"]
[WhiteElo "1983"]
[BlackElo "1836"]
[PlyCount "72"]
[EventDate "2019.06.23"]
[EventType "swiss"]
[EventRounds "9"]
[EventCountry "POL"]
[SourceTitle "CBM 191 Extra"]
[Source "ChessBase"]
[SourceDate "2019.09.30"]
[SourceVersion "1"]
[SourceVersionDate "2019.09.30"]
[SourceQuality "1"]

1. d4 d5 2. Nf3 Nf6 3. Bf4 e6 4. e3 Bd6 5. Bg3 Bxg3 6. hxg3 c5 7. c3 cxd4 8. exd4 Bd7 9. Ne5 Qb6 10. Qc2 Bb5 11. Bxb5+ Qxb5 12. Nd2 Nc6 13. Qb3 Qxb3 14. axb3 Nxe5 15. dxe5 Nd7 16. f4 Ke7 17. Ke2 a6 18. b4 h6 19. Nb3 f6 20. exf6+ gxf6 21. Rh5 Rag8 22. Kf2 f5 23. Nc5 Nxc5 24. bxc5 Kd7 25. Re1 Rg6 26. Ra1 Kc6 27. Ra5 Rhg8 28. Rh3 R8g7 29. b4 Rg8 30. Ra1 Kb5 31. Ra5+ Kc6 32. Ra1 Kb5 33. Ra5+ Kc4 34. c6 b5 35. Rxa6 Kxc3 36. Ra5 Rb8 1/2-1/2

[Event "POL-ch blitz (Women)"]
[Site "Szczawno Zdroj"]
[Date "2018.12.16"]
[Round "12"]
[White "Cagara, Paulina"]
[Black "Korosciel, Aneta"]
[Result "1-0"]
[WhiteElo "2025"]
[BlackElo "2003"]
[PlyCount "79"]
[EventDate "2018.12.16"]
[EventType "swiss (blitz)"]
[EventRounds "13"]
[EventCountry "POL"]
[SourceTitle "CBM 187 Extra"]
[Source "ChessBase"]
[SourceDate "2018.11.04"]
[SourceVersion "1"]
[SourceVersionDate "2018.11.04"]
[SourceQuality "1"]

1. e4 d6 2. d4 Nf6 3. Nc3 c6 4. Be3 Nbd7 5. f3 e5 6. Qd2 Qc7 7. g4 h6 8. h4 b6 9. Nge2 Bb7 10. Ng3 exd4 11. Bxd4 d5 12. Bf2 0-0-0 13. 0-0-0 Bc5 14. Be1 Bb4 15. Nf5 g6 16. Bg3 gxf5 17. Bxc7 Kxc7 18. exf5 Ne5 19. Qf4 Bd6 20. Qa4 Nxf3 21. Be2 Ne5 22. Rhg1 Nfd7 23. Qd4 Bc5 24. Qf4 Bd6 25. Qf2 Bc5 26. Qf4 Bxg1 27. Rxg1 Kc8 28. f6 Ng6 29. Qg3 Rhe8 30. Bd3 Nge5 31. Bf5 d4 32. Ne4 Kc7 33. Bxd7 Rxd7 34. Nd2 Kc8 35. b3 d3 36. c4 c5 37. Re1 Rd4 38. Rxe5 Rxe5 39. Qxe5 Rxg4 40. Qf5+ 1-0

[Event "POL-ch blitz (Women)"]
[Site "Szczawno Zdroj"]
[Date "2018.12.16"]
[Round "9"]
[White "Korosciel, Aneta"]
[Black "Kucharska, Honorata"]
[Result "0-1"]
[WhiteElo "2003"]
[BlackElo "2177"]
[PlyCount "84"]
[EventDate "2018.12.16"]
[EventType "swiss (blitz)"]
[EventRounds "13"]
[EventCountry "POL"]
[SourceTitle "CBM 187 Extra"]
[Source "ChessBase"]
[SourceDate "2018.11.04"]
[SourceVersion "1"]
[SourceVersionDate "2018.11.04"]
[SourceQuality "1"]

1. e4 e6 2. d3 d5 3. Nd2 c5 4. g3 Nc6 5. Bg2 g6 6. Ngf3 Bg7 7. 0-0 Nge7 8. Re1 0-0 9. c3 b5 10. Nb3 c4 11. dxc4 bxc4 12. Nbd2 Bb7 13. exd5 exd5 14. Nf1 Nf5 15. Bf4 Qd7 16. Ne5 Nxe5 17. Bxe5 f6 18. Bd4 Nxd4 19. cxd4 f5 20. Rc1 f4 21. Rc3 Qd6 22. b3 Ba6 23. bxc4 Bxc4 24. a3 Rac8 25. Qd2 Bh6 26. Qc2 Rce8 27. Rxe8 Rxe8 28. Qd1 Bg7 29. Rf3 fxg3 30. hxg3 Rf8 31. Re3 Qb6 32. Rf3 Bxd4 33. Rxf8+ Kxf8 34. Qf3+ Kg7 35. Bh3 Bf6 36. Qg4 Qc7 37. Ne3 Ba2 38. Nf5+ Kg8 39. Nh6+ Kg7 40. Nf5+ Kh8 41. Nh6 d4 42. Qe6 Bxe6 0-1

[Event "POL-ch blitz (Women)"]
[Site "Szczawno Zdroj"]
[Date "2018.12.16"]
[Round "11"]
[White "Korosciel, Aneta"]
[Black "Rykala, Monika"]
[Result "1-0"]
[WhiteElo "2003"]
[BlackElo "1892"]
[PlyCount "123"]
[EventDate "2018.12.16"]
[EventType "swiss (blitz)"]
[EventRounds "13"]
[EventCountry "POL"]
[SourceTitle "CBM 187 Extra"]
[Source "ChessBase"]
[SourceDate "2018.11.04"]
[SourceVersion "1"]
[SourceVersionDate "2018.11.04"]
[SourceQuality "1"]

1. e4 c5 2. Nf3 Nf6 3. d3 d6 4. Nbd2 Nc6 5. g3 g6 6. Bg2 Bg7 7. 0-0 0-0 8. Re1 Bg4 9. h3 Bd7 10. c3 Rc8 11. Qe2 Qb6 12. Nc4 Qc7 13. a4 Na5 14. Nxa5 Qxa5 15. e5 Nd5 16. Bd2 Bc6 17. h4 Qc7 18. h5 dxe5 19. Nxe5 Bxe5 20. Qxe5 Qxe5 21. Rxe5 e6 22. h6 Rfd8 23. Bg5 Rd7 24. a5 Ne7 25. Bxe7 Rxe7 26. Rxc5 Rec7 27. Bxc6 Rxc6 28. Rb5 R8c7 29. a6 b6 30. Re5 Kf8 31. Kg2 Ke7 32. d4 Kf6 33. g4 Rd6 34. g5+ Ke7 35. Kg3 Rc4 36. Rae1 Kd7 37. Ra1 Ke7 38. Re3 Rd5 39. Kg4 Kd6 40. Rf3 Ke7 41. b3 Rc7 42. Rd3 Rd6 43. c4 Rcd7 44. Rad1 Kd8 45. d5 exd5 46. Rxd5 Rxd5 47. Rxd5 Rxd5 48. cxd5 Kd7 49. Kf4 Kd6 50. Ke4 Kd7 51. Ke5 Ke7 52. d6+ Kd7 53. Kd5 Kd8 54. Kc6 Kc8 55. d7+ Kd8 56. Kd6 b5 57. Kc6 b4 58. Kd6 f5 59. Ke6 f4 60. Kd6 f3 61. Ke6 Kc7 62. Ke7 1-0

[Event "POL-chT blitz (Women)"]
[Site "Szczawno Zdroj"]
[Date "2018.12.15"]
[Round "2.2"]
[White "Andrzejewska, Anna"]
[Black "Korosciel, Aneta"]
[Result "0-1"]
[WhiteElo "1796"]
[BlackElo "1852"]
[PlyCount "84"]
[EventDate "2018.12.15"]
[EventType "team-swiss"]
[EventRounds "11"]
[EventCountry "POL"]
[SourceTitle "CBM 187 Extra"]
[Source "ChessBase"]
[SourceDate "2018.11.04"]
[SourceVersion "1"]
[SourceVersionDate "2018.11.04"]
[SourceQuality "1"]

1. e4 d6 2. d4 Nf6 3. Nc3 c6 4. f4 Qa5 5. Bd3 e5 6. Nf3 exd4 7. Nxd4 g6 8. h3 Bg7 9. Nb3 Qc7 10. Qe2 Nbd7 11. 0-0 0-0 12. Bd2 Re8 13. Rae1 b5 14. a3 a5 15. Qf3 Bb7 16. Kh1 b4 17. axb4 axb4 18. Nd1 c5 19. Bb5 Nxe4 20. Qd3 d5 21. Bxd7 Qxd7 22. c4 Nxd2 23. Nxd2 d4 24. Nf2 Qc6 25. Nf3 Rac8 26. Ng4 h5 27. Nge5 Bxe5 28. fxe5 Qe6 29. b3 Ra8 30. Re2 Ra3 31. Nd2 Rea8 32. Ref2 Ra1 33. Qc2 Qxh3+ 34. Kg1 Qe3 35. Kh2 Qxe5+ 36. Kg1 Rxf1+ 37. Rxf1 Qe3+ 38. Rf2 Ra1+ 39. Nf1 d3 40. Qb2 Qd4 41. Qd2 Rb1 42. Qg5 d2 0-1

[Event "POL-chT blitz (Women)"]
[Site "Szczawno Zdroj"]
[Date "2018.12.15"]
[Round "3.2"]
[White "Korosciel, Aneta"]
[Black "Zdziarska, Lidia"]
[Result "1-0"]
[WhiteElo "1852"]
[BlackElo "1745"]
[PlyCount "161"]
[EventDate "2018.12.15"]
[EventType "team-swiss"]
[EventRounds "11"]
[EventCountry "POL"]
[SourceTitle "CBM 187 Extra"]
[Source "ChessBase"]
[SourceDate "2018.11.04"]
[SourceVersion "1"]
[SourceVersionDate "2018.11.04"]
[SourceQuality "1"]

1. e4 c5 2. Nf3 e6 3. d3 Nc6 4. g3 g6 5. Bg5 Qc7 6. Bg2 Bg7 7. c3 Nge7 8. 0-0 0-0 9. Re1 d5 10. Nbd2 d4 11. Qc2 e5 12. a4 b6 13. Rac1 Bb7 14. cxd4 exd4 15. Nc4 Nb4 16. Qb1 Nec6 17. Bf4 Qd7 18. e5 Nd8 19. Nd6 Ba6 20. Bf1 Ne6 21. Bd2 Qxa4 22. Bxb4 Qxb4 23. Rcd1 Bb5 24. Nd2 Bc6 25. Bg2 Bxg2 26. Kxg2 Qa4 27. b3 Qc6+ 28. Kg1 Bxe5 29. N2c4 Bg7 30. Ne4 Rfb8 31. Rc1 a5 32. f4 Nc7 33. Ne5 Qb5 34. Nxf7 Nd5 35. Nfd6 Qd7 36. Nc4 a4 37. bxa4 Rxa4 38. Ne5 Bxe5 39. fxe5 Qe6 40. Nxc5 Qe8 41. Nxa4 Qxa4 42. Rc4 Qa5 43. Rxd4 Nc3 44. Qb3+ Kh8 45. Rc4 Nd5 46. Rec1 Ne7 47. Rc7 Qxe5 48. Qc3 Qxc3 49. R1xc3 Nd5 50. Rc8+ Rxc8 51. Rxc8+ Kg7 52. Rb8 Kf6 53. Kf2 Ke5 54. Ke2 Kd4 55. Rd8 Kc5 56. Kd2 b5 57. Rc8+ Kd4 58. Rh8 Nf6 59. Rb8 Kc5 60. Kc3 Nd5+ 61. Kb3 Nf6 62. Rb7 Kc6 63. Rf7 Nd5 64. Rxh7 Nb6 65. Rh6 Nd5 66. Rxg6+ Kc5 67. Rg5 Kc6 68. h4 Ne3 69. Rg6+ Kc5 70. h5 Nf1 71. h6 Nd2+ 72. Kc2 Nf3 73. h7 Nd4+ 74. Kd2 Nb3+ 75. Kc3 Nd4 76. h8Q b4+ 77. Kb2 Nb5 78. Qc8+ Kd4 79. Qd7+ Kc5 80. Rg5+ Kb6 81. Qxb5+ 1-0

[Event "POL-chT3 Dolnoslaskie 1718"]
[Site "Poland"]
[Date "2018.02.18"]
[Round "8.4"]
[White "Korosciel, Aneta"]
[Black "Szczuraszyk, Jaroslaw"]
[Result "1/2-1/2"]
[WhiteElo "1993"]
[BlackElo "1740"]
[PlyCount "82"]
[EventDate "2017.10.08"]
[EventType "team-tourn"]
[EventRounds "11"]
[EventCountry "POL"]
[SourceTitle "EXT 2019"]
[Source "ChessBase"]
[SourceDate "2018.10.10"]
[SourceVersion "1"]
[SourceVersionDate "2018.10.10"]
[SourceQuality "1"]

1. d4 f5 2. Nf3 d5 3. Bf4 Nf6 4. h3 e6 5. e3 Be7 6. Be2 0-0 7. 0-0 b6 8. c4 c5 9. Nc3 Bb7 10. Nb5 Na6 11. a3 Bc6 12. cxd5 exd5 13. Ne5 Be8 14. Rc1 c4 15. Nc3 Nc7 16. Bf3 b5 17. Nb1 Rc8 18. b3 Ne6 19. Bh2 a5 20. bxc4 bxc4 21. Re1 Nc7 22. Qc2 g6 23. Qa2 Nb5 24. a4 Na7 25. Nc3 Bb4 26. Re2 Kg7 27. Rb2 Bc6 28. Nxc6 Nxc6 29. Nb5 Be7 30. Qb1 Nb4 31. Be2 Ne8 32. Na7 Ra8 33. Nb5 Bd6 34. Nxd6 Nxd6 35. Be5+ Kg8 36. Qa1 Nc8 37. Rc3 Nb6 38. Bg3 Qd7 39. Bd1 Rae8 40. Rb1 Nc8 41. Bf3 Nb6 1/2-1/2

[Event "POL-chT 2nd League"]
[Site "Szklarska Poreba"]
[Date "2017.09.10"]
[Round "9.11"]
[White "Gosciniak, Maria"]
[Black "Korosciel, Aneta"]
[Result "1-0"]
[WhiteElo "2070"]
[BlackElo "2017"]
[PlyCount "49"]
[EventDate "2017.09.02"]
[EventType "team-swiss"]
[EventRounds "9"]
[EventCountry "POL"]
[SourceTitle "CBM 180 Extra"]
[Source "ChessBase"]
[SourceDate "2017.10.06"]
[SourceVersion "1"]
[SourceVersionDate "2017.10.06"]
[SourceQuality "1"]
[WhiteTeam "Grzybowo GKSz Solny"]
[BlackTeam "Pegow Wieza"]
[WhiteTeamCountry "POL"]
[BlackTeamCountry "POL"]

1. Nc3 d6 2. e4 Nf6 3. d4 c6 4. f3 g6 5. Be3 Bg7 6. Qd2 0-0 7. g4 e5 8. 0-0-0 Qa5 9. Kb1 b5 10. h4 b4 11. Nce2 Be6 12. Nc1 Nbd7 13. h5 exd4 14. Bxd4 c5 15. Be3 Rfd8 16. hxg6 fxg6 17. Nh3 Ne5 18. Ng5 Bc4 19. Nxh7 Bxf1 20. Nxf6+ Bxf6 21. Qd5+ Kf8 22. Rdxf1 Qa6 23. Nd3 Nc4 24. Rh7 Bg7 25. Bh6 1-0